Polybiblion (Record no. 1662)
[ view plain ]
| 000 -LEADER | |
|---|---|
| campo de control de longitud fija | 00864nas a2200265 i 4500 |
| 001 - NÚMERO DE CONTROL | |
| campo de control | 1662 |
| 003 - IDENTIFICADOR DE NÚMERO DE CONTROL | |
| campo de control | ES-MaACL |
| 005 - FECHA Y HORA DE LA ÚLTIMA TRANSACCIÓN | |
| campo de control | 20250217134323.0 |
| 007 - CAMPO FIJO DE DESCRIPCIÓN FÍSICA--INFORMACIÓN GENERAL | |
| campo de control de longitud fija | t| |
| 008 - DATOS DE LONGITUD FIJA--INFORMACIÓN GENERAL | |
| campo de control de longitud fija | 950801d18681939fr m| | 1 ||re d |
| 080 ## - NÚMERO DE LA CLASIFICACIÓN DECIMAL UNIVERSAL | |
| Número de la Clasificación Decimal Universal | 011 |
| 245 00 - MENCIÓN DEL TÍTULO | |
| Título | Polybiblion |
| Resto del título | : revue bibliographique universelle. |
| 260 ## - PUBLICACIÓN, DISTRIBUCIÓN, ETC. | |
| Lugar de publicación, distribución, etc. | Paris : |
| Nombre del editor, distribuidor, etc. | Bureaux de la Revue, |
| Fecha de publicación, distribución, etc. | 1868-1939 ( |
| Fabricante | Adrien Le Clere) |
| 300 ## - DESCRIPCIÓN FÍSICA | |
| Extensión | 124 v. ; |
| Dimensiones | 24 cm. |
| 310 ## - PERIODICIDAD ACTUAL | |
| Periodicidad actual | Mensual |
| 362 0# - FECHAS DE PUBLICACIÓN Y/O DESIGNACIÓN SECUENCIAL | |
| Fecha de publicación y/o designación secuencial | 1. année, 1. livraison (fév. 1868)-(1939) |
| 500 ## - NOTA GENERAL | |
| Nota general | No se publicó en 1871. |
| 500 ## - NOTA GENERAL | |
| Nota general | A partir del año 1875 no figura el año de publicación de la revista. |
| 650 #4 - PUNTO DE ACCESO ADICIONAL DE MATERIA--TÉRMINO DE MATERIA | |
| Término de materia o nombre geográfico como elemento de entrada | Bibliografía. |
| 9 (RLIN) | 10516 |
| 650 #4 - PUNTO DE ACCESO ADICIONAL DE MATERIA--TÉRMINO DE MATERIA | |
| Término de materia o nombre geográfico como elemento de entrada | Bibliografías universales. |
| 9 (RLIN) | 147141 |
| 740 0# - ENTRADA AGREGADA--TÍTULO RELACIONADO/ANALÍTICO NO CONTROLADO | |
| Título relacionado o analítico no controlado | Revue bibliographique universelle. |
| 852 ## - LOCALIZACIÓN | |
| Ubicación | ES-MaACL |
| Número de control de estantería | Hem-A-10 |
| 866 #0 - MENCIÓN TEXTUAL DE FONDOS--UNIDAD BIBLIOGRÁFICA BÁSICA | |
| Fondos | 1869(1870).1872-1913(1914)1915-19(1920). |
| Estatus retirado | Estado de pérdida | Estado de daño | No para préstamo | Colección | Biblioteca de origen | Biblioteca actual | Ubicación en estantería | Fecha de adquisición | Fuente de adquisición | Total de préstamos | Signatura topográfica completa | Código de barras | Visto por última vez | Precio de reemplazo | Tipo de ítem Koha |
|---|---|---|---|---|---|---|---|---|---|---|---|---|---|---|---|
| Periódicos y Revistas | Biblioteca del Ateneo de Madrid | Biblioteca del Ateneo de Madrid | Depósito 1 | 17/01/2008 | Hem-A-10 | 1001698 | 23/02/2023 | 23/02/2023 | Revista |
